000 01046pam a2200289 a 4500
001 1670249
003 NUST - PNEC
005 20170116181023.0
008 980428s1998 enka b 001 0 eng
010 _a 98020304
020 _a0750304952 (hardcover : alk. paper)
040 _cLIBRARY
082 0 0 _a621.55 CHA
100 1 _aChambers, A.
245 1 0 _aBasic vacuum technology /
_cA. Chambers, R.K. Fitch, and B.S. Halliday.
250 _a2nd ed.
260 _aBristol ;
_aPhiladelphia :
_bInstitute of Physics Pub.,
_cc1998.
300 _axiv, 189 p. :
_bill. ;
_c26 cm.
504 _aIncludes bibliographical references and index.
650 0 _aVacuum technology.
_xME
700 1 _aFitch, R. K.
700 1 _aHalliday B. S.
856 4 2 _3Publisher description
_uhttp://www.loc.gov/catdir/enhancements/fy0661/98020304-d.html
906 _a7
_bcbc
_corignew
_d1
_eocip
_f19
_gy-gencatlg
942 _2ddc
_cBK
999 _c67475
_d67475